| 000 | 02948cam a22006854i 4500 | ||
|---|---|---|---|
| 003 | PE-LiUPU | ||
| 005 | 20260422145945.0 | ||
| 008 | 150706s2012 sp rb 000 0 spa d | ||
| 020 | _a8436826914 | ||
| 020 | _a9788436826913 | ||
| 035 | _a(Sirsi) i9788436826913 | ||
| 040 |
_aPE-LiUPU _bspa _cPE-LiUPU _erda |
||
| 049 | _aPRUA | ||
| 082 | 0 | 4 |
_a158.3 _bP453m |
| 100 |
_9405 _aPerpiñá, Conxa _eCoordinador |
||
| 245 | 0 | 0 |
_aManual de la entrevista psicológica : _bSaber escuchar, saber preguntar / _cCoordinadora, Conxa Perpiñá. |
| 250 | _a1ra Edición | ||
| 264 | 1 |
_aMadrid : _bPirámide, _c2012. |
|
| 300 |
_a431 páginas : _bilustraciones ; _c23 cm. |
||
| 336 |
_atext _2rdacontent |
||
| 337 |
_aunmediated _2rdamedia |
||
| 338 |
_avolume _2rdacarrier |
||
| 490 | 0 | _aColección "Psicología". Sección Manuales prácticos. | |
| 504 | _aBibliografía: páginas 419-431. | ||
| 505 | 0 | _aQué -- Definición y aspectos conceptuales de la entrevista -- Cómo -- Condiciones previas de la entrevista -- La comunicación en la entrevista -- Técnicas de comunicación verbal -- La interacción en la entrevista -- El proceso de la entrevista -- La entrevista con niños y adolescentes -- Dónde. El ámbito de la entrevista: salud -- La función evaluadora de la entrevista -- La función de devolución de la entrevista -- La función motivadora de la entrevista -- La función de cambio de la entrevista: terapéutica -- Dónde. El ámbito de la entrevista: laboral La función de cambio de la entrevista: terapéutica -- Entrevista de selección -- Entrevista de marketing La función de cambio de la entrevista: terapéutica -- Dónde -- El ámbito de la entrevista: educativo -- Educativo y vocacional. | |
| 526 | _aSEG68 | ||
| 526 | _aSEG70 | ||
| 526 | _aSEG69 | ||
| 526 | _aSEG67 | ||
| 526 | _aSEG43 | ||
| 526 | _aP144 | ||
| 526 | _aP143 | ||
| 526 | _aP131 | ||
| 526 | _aP122 | ||
| 526 | _aP120 | ||
| 526 | _aP117 | ||
| 526 | _aP112 | ||
| 526 | _aP110 | ||
| 526 | _aP106 | ||
| 526 | _aP101 | ||
| 526 | _aP80 | ||
| 526 | _aP59 | ||
| 526 | _aP54 | ||
| 526 | _aP35 | ||
| 526 | _aP33 | ||
| 526 | _aP30 | ||
| 650 | 0 | 0 |
_aEntrevista psicológica _vManuales. _9409 |
| 650 | 0 | 0 |
_aEntrevista psicológica _xMetodología. _9410 |
| 650 | 0 | 0 |
_aOrientación psicológica. _9411 |
| 700 |
_aLabrador, Francisco _eDirector _9406 |
||
| 700 |
_aMiguel, Anaí _eDiseño de Cubierta _9407 |
||
| 700 |
_aBarrasa, Ángel et al. _eAutor _9408 |
||
| 942 |
_2ddc _cBOOK _n0 |
||
| 980 |
_818226 _gJaime Vilcazán Jefe de Análisis Documental |
||
| 999 |
_c55303 _d55303 |
||